How to be a leader : (Record no. 21213)

MARC details
000 -LEADER
fixed length control field 00500nam a22001697a 4500
003 - CONTROL NUMBER IDENTIFIER
control field OSt
008 - FIXED-LENGTH DATA ELEMENTS--GENERAL INFORMATION
fixed length control field 250122b2012 |||||||| |||| 00| 0 eng d
020 ## - INTERNATIONAL STANDARD BOOK NUMBER
International Standard Book Number 9788178236216
082 ## - DEWEY DECIMAL CLASSIFICATION NUMBER
Classification number 158.4
Item number VIV-H
100 ## - MAIN ENTRY--PERSONAL NAME
Personal name Vivekananda, Swami
245 ## - TITLE STATEMENT
Title How to be a leader :
Remainder of title fifty sayings on the qualities that make a true leader /
Statement of responsibility, etc Swami Vivekananda
260 ## - PUBLICATION, DISTRIBUTION, ETC. (IMPRINT)
Place of publication, distribution, etc Chennai :
Name of publisher, distributor, etc Ramakrishna Math,
Date of publication, distribution, etc 2012.
300 ## - PHYSICAL DESCRIPTION
Extent / Pages iv, 25 p. ;
650 ## - SUBJECT ADDED ENTRY--TOPICAL TERM
Topical term or geographic name as entry element Leadership
650 ## - SUBJECT ADDED ENTRY--TOPICAL TERM
Topical term or geographic name as entry element Personal Development
942 ## - ADDED ENTRY ELEMENTS (KOHA)
Source of classification or shelving scheme
Koha item type Books
Holdings
Withdrawn status Lost status Source of classification or shelving scheme Damaged status Not for loan Home library Current library Date acquired Source of acquisition Currency Cost, normal purchase price Total Checkouts Full call number Barcode Date last seen Copy number Bill Date Koha item type Bill Number
          SOBD Library SOBD Library 11/12/2024 Advaita Ashrama INR 10.00   158.4 VIV-H1 006684 22/01/2025 1 11/12/2024 Books DC-422
Hosted, Implemented, Customized & Maintained by: BestBookBuddies

Powered by Koha